|
|
|
|
| LEADER |
00722nam a2200205Ia 4500 |
| 001 |
CTU_128916 |
| 008 |
210402s9999 xx 000 0 und d |
| 020 |
|
|
|c 1392000
|
| 082 |
|
|
|a 005.133
|
| 082 |
|
|
|b W647
|
| 100 |
|
|
|a Wiener, Richard
|
| 245 |
|
0 |
|a Modern software development using C++.Net
|
| 245 |
|
0 |
|c Richard Wiener
|
| 260 |
|
|
|a Boston, MA.
|
| 260 |
|
|
|b Brooks/Cole/Thompson Learning
|
| 260 |
|
|
|c 2007
|
| 650 |
|
|
|a Computer software,C++ ( Computer program language ),Microsoft .NET.,Phần mềm máy tính,C++ ( Ngôn ngữ lập trình máy tính ),Phần mềm.NET
|
| 650 |
|
|
|x Development.,Triển khai
|
| 904 |
|
|
|i Minh
|
| 980 |
|
|
|a Trung tâm Học liệu Trường Đại học Cần Thơ
|